Normal view
MARC view
Entry Topical Term
001 - CONTROL NUMBER
- control field: 50481
003 - CONTROL NUMBER IDENTIFIER
- control field: ARRUPE
005 - DATE AND TIME OF LATEST TRANSACTION
- control field: 20211014104648.0
008 - FIXED-LENGTH DATA ELEMENTS
- fixed length control field: 211014|| aca||aabn | a|a d
040 ## - CATALOGING SOURCE
- Original cataloging agency: ARRUPE
- Transcribing agency: ARRUPE
150 ## - HEADING--TOPICAL TERM
- Topical term or geographic name as entry element: Ganda language
- General subdivision: Texts
670 ## - SOURCE DATA FOUND
- Source citation: Work cat.: (ARRUPE)0: Kawere, Edward K. N. 50480, Nketta mu bizinga :, 1960.